Statistics for Ariana Grande "Positions" lyrics

Click here to take the quiz!

General Stats

  • This quiz has been taken 523 times
  • The average score is 254 of 301

Answer Stats

HintAnswer% Correct
a
99%
i
99%
you
99%
be
98%
i'm
97%
positions
97%
the
97%
for
96%
me
96%
my
96%
on
96%
chorusswitchin'
96%
to
95%
do
94%
in
94%
kitchen
94%
love
94%
your
94%
bedroom
93%
meet
93%
monday
93%
sunday
93%
and
92%
make
92%
no
91%
i'll
90%
Pre-chorusboy
89%
don't
89%
mama
89%
'cause
88%
Verse 1heaven
87%
sent
86%
tryna
86%
history
85%
need
84%
babe
83%
else
83%
one
83%
then
83%
just
82%
cookin'
81%
repeat
81%
hopin'
80%
lotta
80%
through
79%
hoops
77%
jumpin'
76%
that
76%
never
75%
jumpin'
73%
olympics
73%
but
72%
wouldn't
72%
yeah
72%
too
71%
you're
69%
it
68%
true
68%
want
68%
good
67%
now
67%
runnin'
67%
with
67%
nothin'
66%
of
65%
infinite
64%
verse 2perfect
64%
shit
64%
way
64%
won't
64%
some
63%
down
62%
fuck
62%
kinda
59%
know
58%
usually
58%
tired
55%
get
53%
them
51%
bridgethis
48%
jumping
45%
pre-chorussaid
41%
ah
37%

Score Distribution

Percentile by Number Answered

Percent of People with Each Score

Your Score History

You have not taken this quiz